| 000 | 00466nam a22001577a 4500 | ||
|---|---|---|---|
| 003 | OSt | ||
| 005 | 20240506162317.0 | ||
| 008 | 240416b |||||||| |||| 00| 0 eng d | ||
| 040 | _cMRSPTU | ||
| 100 | _aShan, Harnam Singh (ਸ਼ਾਨ, ਹਰਨਾਮ ਸਿੰਘ) | ||
| 245 | _aGuru Arjan Dev Bachnabali (ਗੁਰੂ ਅਰਜਨ ਬਚਨਾਵਲੀ) | ||
| 250 | _a1st | ||
| 260 |
_aPunjab _bGovernment of Punjab _c2007 |
||
| 300 | _a423 | ||
| 942 |
_2ddc _cBK _n0 |
||
| 999 |
_c10053 _d10053 |
||